Togo : Fourth Review Under the Three-Year Arrangement Under the Extended Credit Facility and Requests for Waivers of Performance Criteria and Augmentation of Access; Staff Report; Staff Statement; Press Release on the Executive Board Discussion; and Statement by the Executive Director for Togo.

Togo's macroeconomic situation remains difficult, despite some modest improvements. Despite the impact of the global recession, program implementation has generally been satisfactory, although corrective actions are necessary for recent slippages. Debt management and monitoring are being streng...

Ful tanımlama

Detaylı Bibliyografya
Müşterek Yazar: International Monetary Fund
Materyal Türü: Dergi
Dil:English
Baskı/Yayın Bilgisi: Washington, D.C. : International Monetary Fund, 2010.
Seri Bilgileri:IMF Staff Country Reports; Country Report ; No. 2010/216
Online Erişim:Full text available on IMF
LEADER 01928cas a2200241 a 4500
001 AALejournalIMF006608
008 230101c9999 xx r poo 0 0eng d
020 |c 5.00 USD 
020 |z 9781455207596 
022 |a 1934-7685 
040 |a BD-DhAAL  |c BD-DhAAL 
110 2 |a International Monetary Fund. 
245 1 0 |a Togo :   |b Fourth Review Under the Three-Year Arrangement Under the Extended Credit Facility and Requests for Waivers of Performance Criteria and Augmentation of Access; Staff Report; Staff Statement; Press Release on the Executive Board Discussion; and Statement by the Executive Director for Togo. 
264 1 |a Washington, D.C. :  |b International Monetary Fund,  |c 2010. 
300 |a 1 online resource (65 pages) 
490 1 |a IMF Staff Country Reports 
500 |a <strong>Off-Campus Access:</strong> No User ID or Password Required 
500 |a <strong>On-Campus Access:</strong> No User ID or Password Required 
506 |a Electronic access restricted to authorized BRAC University faculty, staff and students 
520 3 |a Togo's macroeconomic situation remains difficult, despite some modest improvements. Despite the impact of the global recession, program implementation has generally been satisfactory, although corrective actions are necessary for recent slippages. Debt management and monitoring are being strengthened. In light of the difficult macroeconomic conditions, a countercyclical fiscal policy stance is required. Sustainable fiscal policy requires a gradual consolidation, as global conditions improve further. Togo's main economic challenges are continuing to strengthen public finances and completing structural reforms to enhance growth potential. 
538 |a Mode of access: Internet 
830 0 |a IMF Staff Country Reports; Country Report ;  |v No. 2010/216 
856 4 0 |z Full text available on IMF  |u http://elibrary.imf.org/view/journals/002/2010/216/002.2010.issue-216-en.xml  |z IMF e-Library